| 000 | 00770nam a2200193Ia 4500 | ||
|---|---|---|---|
| 003 | LDD | ||
| 008 | 190117s9999 xx 000 0 und d | ||
| 020 |
_a9788181436016 _c₹150 |
||
| 040 | _cLDD | ||
| 041 | _ahi | ||
| 082 | _a8H3.7 शा76क | ||
| 100 | _aशाह, रमेशचंद्र | ||
| 245 | 0 |
_aकम्बख्त इस मोड़ पर _cरमेशचंद्र शाह |
|
| 260 |
_aयी दिल्ली | _bाणी प्रकाशन 2 _c2007 |
||
| 300 | _a94पृ. | ||
| 901 | _aANI | ||
| 904 | _aReqst by : Rita Rani Paliwal | ||
| 942 |
_2ddc _cH |
||
| 999 |
_c171631 _d171631 |
||